Statistical phisics: statics, dynamics and renormalization by Leo P Kadanoff (Record no. 1211782)

MARC details
000 -LEADER
fixed length control field 00978nam a2200277Ia 4500
003 - CONTROL NUMBER IDENTIFIER
control field OSt
005 - DATE AND TIME OF LATEST TRANSACTION
control field 20221007123355.0
008 - FIXED-LENGTH DATA ELEMENTS--GENERAL INFORMATION
fixed length control field 221006b |||||||| |||| 00| 0 eng d
020 ## - INTERNATIONAL STANDARD BOOK NUMBER
International Standard Book Number 9810237588 (hbd)
-- 86.00
037 ## - SOURCE OF ACQUISITION
Terms of availability Textual
040 ## - CATALOGING SOURCE
Original cataloging agency PAPL
Transcribing agency PAPL
Language of cataloging eng
041 ## - LANGUAGE CODE
Source of code eng
Language code of text/sound track or separate title eng
100 ## - MAIN ENTRY--PERSONAL NAME
Personal name Kadanoff Leo P
9 (RLIN) 713418
245 #0 - TITLE STATEMENT
Title Statistical phisics: statics, dynamics and renormalization by Leo P Kadanoff
260 ## - PUBLICATION, DISTRIBUTION, ETC.
Place of publication, distribution, etc. Singapore
Name of publisher, distributor, etc. World Scientific
Date of publication, distribution, etc. 2000
300 ## - PHYSICAL DESCRIPTION
Extent xiii, 483p
Dimensions cm.
500 ## - GENERAL NOTE
General note Index 479-483p; ^n23/CSL/CARPA/2002-2003/1014^d2003-03-21^mPurchase; ; 2002-03/665^b2003-01-23^c173/02^d2003-01-21^eRs.3,723.00^fN R Book Distributors; ; 2003-04-09^bSB^c2003-09-03^dS C Jindal
650 ## - SUBJECT ADDED ENTRY--TOPICAL TERM
Topical term or geographic name entry element Statistical Physics
9 (RLIN) 713592
650 ## - SUBJECT ADDED ENTRY--TOPICAL TERM
Topical term or geographic name entry element Physics
942 ## - ADDED ENTRY ELEMENTS (KOHA)
Classification part CN2, P0
Koha item type Textual
Source of classification or shelving scheme Colon Classification (CC)
Holdings
Withdrawn status Lost status Source of classification or shelving scheme Damaged status Not for loan Home library Current library Date acquired Source of acquisition Total Checkouts Full call number Barcode Date last seen Price effective from Koha item type
    Colon Classification (CC)     Department of Physics and Astrophysics Library Department of Physics and Astrophysics Library 2022-10-07 N R,   CN2 P0 PA0005358 2022-10-07 2022-10-07 Textual
Copyright @ Delhi University Library System